[Event "Petr Izmailov Mem"]
[Site "Tomsk RUS"]
[Date "2009.06.30"]
[Round "7"]
[White "Zaichenko,D"]
[Black "Kolomytchenko,I"]
[Result "1-0"]
[WhiteElo "2066"]
[BlackElo "1995"]

1.d4 d5 2.c4 c6 3.Nf3 Nf6 4.Nc3 a6 5.e3 b5 6.cxd5 cxd5 7.Bd3 Bb7 8.O-O e6
9.b3 Nbd7 10.Bb2 Bd6 11.Qe2 O-O 12.Rac1 Qa5 13.a4 b4 14.Nb1 Ne4 15.Ne5 Nxe5
16.dxe5 Be7 17.Nd2 Nxd2 18.Qxd2 Rac8 19.Qe2 g6 20.Qg4 Qb6 21.Rcd1 Rfd8 22.h4 h5
23.Qf4 Kg7 24.Bd4 Qc7 25.Rd2 Rd7 26.g3 Qa5 27.Rc2 Rxc2 28.Bxc2 Rc7 29.Bd3 Rc8
30.Rd1 Qc7 31.Bb1 a5 32.Bd3 Qd7 33.Kh2 Bc5 34.Bb2 Qe7 35.Bb1 Bb6 36.Rd2 Ba6
37.Rd1 Bb7 38.Re1 Rd8 39.Bc1 Kg8 40.Qh6 Qf8 41.Qg5 Kh7 42.Qxh5+ Qh6 43.Qf3 Qg7
44.Bb2 Rd7 45.Qf4 Qh6 46.Qg4 Kg8 47.Kg1 Qg7 48.Bd3 Rc7 49.Qg5 Rc8 50.Rc1 Rxc1+
51.Bxc1 Bc7 52.Bb2 Kf8 53.Bd4 Bc6 54.f4  1-0

[Event "ZMD Open"]
[Site "Dresden GER"]
[Date "2009.07.02"]
[Round "9"]
[White "Jungbluth,M"]
[Black "Hilverda,A"]
[Result "0-1"]
[WhiteElo "2055"]
[BlackElo "2243"]

1.d4 d5 2.c4 c6 3.Nc3 Nf6 4.Nf3 a6 5.a4 e6 6.Bg5 a5 7.e3 Be7 8.Qc2 Na6 9.Ne5 O-O
10.Be2 Nb4 11.Qd1 b6 12.O-O Bb7 13.f4 c5 14.Bf3 Rb8 15.cxd5 Nfxd5 16.Bxe7 Qxe7
17.Qd2 Rbd8 18.Nxd5 Bxd5 19.Bxd5 Rxd5 20.Nf3 Nc6 21.Rad1 cxd4 22.e4 Rd7 23.Rc1 Qd6
24.Rfd1 f6 25.h3 Re8 26.e5 Qd5 27.Qf2 Red8 28.exf6 gxf6 29.Qh4 Kg7 30.Rd3 Qe4
31.Nxd4 Nxd4  0-1

[Event "37th Greek Teams"]
[Site "Kallithea GRE"]
[Date "2009.07.06"]
[Round "6"]
[White "Halkias,S"]
[Black "Mastrovasilis,D"]
[Result "1/2-1/2"]
[WhiteElo "2564"]
[BlackElo "2567"]

1.d4 d5 2.c4 c6 3.Nc3 Nf6 4.Nf3 a6 5.c5 Bf5 6.Bf4 Nbd7 7.e3 e6 8.Be2 Ne4
9.Nxe4 Bxe4 10.O-O Be7 11.Ne5 Nxe5 12.Bxe5 O-O 13.b4 Bf6 14.Bg3 Re8 15.a4 e5
16.dxe5 Bxe5 17.Bxe5 Rxe5 18.Qd4 Re8 19.b5 Qg5 20.f3 Bf5 21.Kf2  1/2-1/2

[Event "XXXII Open"]
[Site "Barbera ESP"]
[Date "2009.07.08"]
[Round "5"]
[White "Camarena Gimenez,R"]
[Black "Mestre Bellido,H"]
[Result "0-1"]
[WhiteElo "2402"]
[BlackElo "2292"]

1.d4 d5 2.c4 c6 3.Nf3 Nf6 4.Nc3 a6 5.e3 Bf5 6.Bd3 Bxd3 7.Qxd3 e6 8.O-O Be7
9.e4 dxe4 10.Nxe4 c5 11.Nxf6+ Bxf6 12.Qe4 Qe7 13.dxc5 Nc6 14.Rb1 a5 15.Be3 O-O
16.b3 g6 17.g4 Bc3 18.a3 f5 19.gxf5 gxf5 20.Qd3 Bg7 21.Qd6 Qf7 22.Ng5 Qh5
23.Nxe6 Be5 24.Qxf8+ Rxf8 25.f4 Qg6+ 26.Kh1 Qxe6 27.Bg1 Kf7  0-1

[Event "8th Open"]
[Site "La Fere FRA"]
[Date "2009.07.10"]
[Round "8"]
[White "Dagnicourt,F"]
[Black "Gozzoli,C"]
[Result "0-1"]
[WhiteElo "1765"]
[BlackElo "2125"]

1.d4 Nf6 2.c4 c6 3.Nf3 d5 4.Nc3 a6 5.a4 Bf5 6.e3 e6 7.Nh4 Be4 8.Nf3 Nbd7
9.Bd3 Bxd3 10.Qxd3 dxc4 11.Qxc4 c5 12.a5 Rc8 13.d5 exd5 14.Nxd5 Bd6 15.O-O O-O
16.b3 Ne5 17.Nxf6+ Qxf6 18.Nxe5 Qxe5  0-1

[Event "LTC Open A"]
[Site "Leiden NED"]
[Date "2009.07.10"]
[Round "1"]
[White "Sanikidze,T"]
[Black "Yefimov,M"]
[Result "1-0"]
[WhiteElo "2559"]
[BlackElo "1999"]

1.d4 d5 2.Nf3 Nf6 3.c4 c6 4.Nc3 a6 5.c5 e6 6.g3 Nbd7 7.Bg2 b6 8.cxb6 Qxb6
9.O-O Be7 10.b3 O-O 11.Bb2 Bb7 12.Rc1 Rac8 13.Na4 Qa7 14.Rc2 Ne4 15.Nd2 c5
16.Nxe4 dxe4 17.dxc5 Rfd8 18.Qd4 Bf6 19.Qe3 Bxb2 20.Nxb2 Nf6 21.b4 Bc6 22.Nc4 Nd5
23.Qa3 Rb8 24.Rb1 Nc7 25.Qc1 Nb5 26.e3 Qe7 27.Nd6 f5 28.a4 Nc7 29.b5 axb5
30.axb5 Bd5 31.Bf1 Ne8 32.Nxe8 Rxe8 33.c6 Qc7 34.Bc4 Bxc4 35.Rxc4 Qb6 36.c7 Rbc8
37.Rc6 Qb7 38.b6 Ra8 39.Rd6 Rec8 40.Rxe6 Qd5 41.b7  1-0

[Event "Euskal Xake Eskola"]
[Site "Donostia ESP"]
[Date "2009.07.11"]
[Round "4"]
[White "Hoffman,A"]
[Black "Prie,E"]
[Result "1-0"]
[WhiteElo "2417"]
[BlackElo "2491"]

1.d4 d5 2.c4 c6 3.Nf3 Nf6 4.Nc3 a6 5.c5 Bf5 6.Bf4 Nbd7 7.e3 e6 8.Nd2 Be7
9.Be2 Bg6 10.b4 O-O 11.a4 b6 12.a5 b5 13.h4 h5 14.Nf1 Re8 15.Ng3 Bf8 16.Nxh5 Nxh5
17.Bxh5 e5 18.dxe5 Bxh5 19.Qxh5 g6 20.Qg5 Qxg5 21.hxg5 Bg7 22.O-O-O Nxe5
23.Ne2 Ng4 24.Bg3 Be5 25.Bxe5 Rxe5 26.Rh4 Nxf2 27.Rf1 Rf5 28.Kc2 f6 29.Nd4 fxg5
30.Nxf5 gxf5 31.Rh5 Ne4 32.Rfh1 Kg7 33.Rh7+  1-0

[Event "Matskevich Mem GM"]
[Site "Kharkiv UKR"]
[Date "2009.07.12"]
[Round "4"]
[White "Simantsev,M"]
[Black "Kagramanianz,V"]
[Result "1/2-1/2"]
[WhiteElo "2527"]
[BlackElo "2240"]

1.d4 d5 2.c4 c6 3.Nf3 Nf6 4.Nc3 a6 5.cxd5 cxd5 6.Bf4 Nc6 7.e3 Bg4 8.Be2 e6
9.O-O Be7 10.Rc1 O-O 11.Na4 Ne4 12.h3 Bh5 13.a3 Rc8 14.b4 Bd6 15.Bxd6 Qxd6
16.Nc5 Rc7 17.Nxe4 dxe4 18.Nd2 Bxe2 19.Qxe2 f5  1/2-1/2

[Event "FSIMB July"]
[Site "Budapest HUN"]
[Date "2009.07.13"]
[Round "10"]
[White "Kahn,E"]
[Black "Muranyi,K"]
[Result "1/2-1/2"]
[WhiteElo "2281"]
[BlackElo "2366"]

1.d4 d5 2.c4 c6 3.Nf3 Nf6 4.Nc3 a6 5.cxd5 cxd5 6.Bf4 e6 7.e3 Bd6 8.Bg3 O-O
9.Bd3 b5 10.a3 Bb7 11.O-O Bxg3 12.hxg3 Nbd7 13.Rc1 Rc8 14.Na2  1/2-1/2

[Event "IM"]
[Site "Condom FRA"]
[Date "2009.07.13"]
[Round "4"]
[White "Cioara,A"]
[Black "Delorme,Ax"]
[Result "1/2-1/2"]
[WhiteElo "2437"]
[BlackElo "2434"]

1.d4 Nf6 2.c4 c6 3.Nc3 d5 4.Nf3 a6 5.c5 Bf5 6.Nh4 Bc8 7.Nf3 Bf5 8.Qb3 Qc8
9.h3 Nbd7 10.Bf4 e6 11.e3 Be7 12.Nh4 Be4 13.Nxe4 dxe4 14.g4 Nd5 15.Ng2 b6
16.cxb6 Bb4+ 17.Ke2 Qb7 18.Rc1 O-O 19.Bc7 c5 20.a3 Ba5 21.dxc5 Nxc7 22.c6 Qxb6
23.Qxb6 Nxb6 24.b4 Bxb4 25.axb4 a5 26.bxa5 Rxa5 27.Rc2 f5 28.gxf5 Raxf5 29.Ke1 Ra8
30.Be2 Ra1+  1/2-1/2

[Event "ch-PUR"]
[Site "Caguas PUR"]
[Date "2009.07.17"]
[Round "4"]
[White "Sotelo Kohama,D"]
[Black "Ovalle,R"]
[Result "0-1"]
[WhiteElo "2173"]
[BlackElo "2148"]

1.d4 d5 2.c4 c6 3.Nc3 Nf6 4.Nf3 a6 5.e3 b5 6.cxd5 cxd5 7.Bd3 Bb7 8.O-O e6
9.a4 b4 10.Na2 Nbd7 11.Bd2 a5 12.Ne5 Bd6 13.f4 O-O 14.Nc1 Ne4 15.Bb5 Nb6
16.b3 Rc8 17.Ne2 f6 18.Nf3 Qc7 19.Rc1 Qb8 20.Bd3 Qa8 21.Ng3 Rxc1 22.Qxc1 Rc8
23.Qb1 f5 24.Ne2 Ba6 25.Rc1 h6 26.Rxc8+ Qxc8 27.Bxa6 Qxa6 28.Nc1 Nd7 29.Qd3 Qc6
30.Ne2 g5 31.g3 Kf7 32.Be1 g4 33.Ne5+ Bxe5 34.dxe5 Ndc5 35.Qc2 Qa6 36.Nd4 Qd3
37.Qc1 Nc3 38.Qb2 Qxe3+ 39.Bf2 Qd3 40.Nxf5 Qd1+ 41.Kg2 Nd3  0-1

[Event "IM"]
[Site "Condom FRA"]
[Date "2009.07.18"]
[Round "9"]
[White "Demuth,A"]
[Black "Delorme,Ax"]
[Result "1/2-1/2"]
[WhiteElo "2339"]
[BlackElo "2434"]

1.d4 d5 2.c4 c6 3.Nf3 Nf6 4.Nc3 a6 5.c5 Bf5 6.Nh4 Bc8 7.Nf3 g6 8.h3 Bg7 9.Bf4 Bf5
10.e3 Nbd7 11.Be2 Ne4 12.O-O O-O 13.Rc1 Re8 14.b4 Nxc3 15.Rxc3 e5 16.dxe5 Nxe5
17.Nd4 Qd7 18.a4 Be6  1/2-1/2

[Event "Najdorf Mem Open"]
[Site "Warsaw POL"]
[Date "2009.07.18"]
[Round "1"]
[White "Graca,R"]
[Black "Vysochin,S"]
[Result "0-1"]
[WhiteElo "2183"]
[BlackElo "2554"]

1.Nf3 d5 2.d4 Nf6 3.c4 c6 4.Nc3 a6 5.Bg5 dxc4 6.e4 b5 7.e5 Nd5 8.Ne4 Bf5
9.Nd6+ exd6 10.Bxd8 Kxd8 11.a3 Be7 12.Qd2 Nd7 13.Be2 Kc7 14.O-O h6 15.Rfc1 g5
16.a4 g4 17.exd6+ Bxd6 18.Nh4 Be6 19.axb5 axb5 20.g3 Be7 21.Qe1 Bf6 22.Qd1 h5
23.Ng2 N7b6 24.Qd2 Kb7 25.Bd1 Rhd8 26.Rxa8 Rxa8 27.Bc2 Ra2 28.Rb1 b4 29.Qd1 b3
30.Bxb3 cxb3 31.Qxb3 Nf4 32.Qd1 Nh3+ 33.Kf1 Bc4+ 34.Ke1 Ng1 35.Kd2 Nf3+ 36.Kc1 Nxd4
37.Ne3 Be2 38.Qe1 Bd3 39.Qb4 c5 40.Qe1 Nb3+ 41.Kd1 Bxb1 42.Qh1+ Kc7 43.Nd5+ Nxd5
44.Qxd5 Bc2+ 45.Ke2 Nd4+ 46.Ke3 Bb3 47.Qxc5+ Kd7 48.Qxh5 Rxb2 49.Qxg4+ Be6
50.Qh5 Rb3+ 51.Kd2 Nf3+ 52.Kc2 Rc3+ 53.Kd1 Bg5 54.h4 Bb3+ 55.Ke2 Bc4+  0-1

[Event "MTO"]
[Site "Biel SUI"]
[Date "2009.07.20"]
[Round "1"]
[White "Gleizerov,E"]
[Black "Liepins,O"]
[Result "1-0"]
[WhiteElo "2538"]
[BlackElo "2107"]

1.d4 d5 2.c4 c6 3.Nf3 Nf6 4.Nc3 a6 5.Ne5 Nbd7 6.Bf4 e6 7.e3 Be7 8.Bd3 dxc4
9.Nxc4 Nb6 10.Ne5 c5 11.dxc5 Bxc5 12.O-O O-O 13.Qc2 h6 14.Ne4 Nxe4 15.Bxe4 Qe7
16.Rfd1 Nd5 17.Bxd5 exd5 18.Rxd5 b6 19.Rdd1 Be6 20.b4 Bxb4 21.Nc6 Qc5 22.Nxb4 Qxb4
23.Bd6 Qh4 24.Bxf8 Rxf8 25.Qc6 Qg5 26.a4 Rc8 27.Qb7 Rc2 28.Qxb6 Bd5 29.Qb8+ Kh7
30.Qg3 Qf6 31.Qf4 Qb2  1-0

[Event "17th Open"]
[Site "Saint Affrique FRA"]
[Date "2009.07.20"]
[Round "3"]
[White "Bourges,J"]
[Black "Laclau,D"]
[Result "1/2-1/2"]
[WhiteElo "2078"]
[BlackElo "2296"]

1.d4 d5 2.c4 c6 3.Nf3 Nf6 4.Nc3 a6 5.c5 Nbd7 6.Bf4 g6 7.h3 Bg7 8.e3 O-O 9.Be2 Ne8
10.O-O Nc7 11.b4 Re8 12.Qd2 e5 13.dxe5 Nxe5 14.Nxe5 Bxe5 15.Bxe5 Rxe5 16.e4 a5
17.a3 axb4 18.axb4 Rxa1 19.Rxa1 Qf6 20.Rd1 dxe4 21.Qd8+ Qxd8 22.Rxd8+ Re8
23.Rxe8+ Nxe8 24.Nxe4 Be6  1/2-1/2

[Event "Najdorf Mem Open"]
[Site "Warsaw POL"]
[Date "2009.07.20"]
[Round "3"]
[White "Krysztofiak,M"]
[Black "Vysochin,S"]
[Result "1/2-1/2"]
[WhiteElo "2427"]
[BlackElo "2554"]

1.d4 d5 2.c4 c6 3.Nf3 Nf6 4.Nc3 a6 5.a4 e6 6.g3 c5 7.cxd5 cxd4 8.Nxd4 Nxd5
9.Qb3 Nb4 10.Nc2 N8c6 11.Nxb4 Bxb4 12.Bg2 Qa5 13.O-O e5 14.Be3 O-O 15.Rfd1 Be6
16.Bd5 Bg4 17.Na2 Rab8 18.Nxb4 Nxb4 19.Bc4 Nc6 20.Bb6 Qb4 21.Qxb4 Nxb4 22.Bc5 Rfc8
23.Bxf7+ Kxf7 24.Bxb4 Bxe2 25.Rd7+ Kg6 26.Bd6 Rd8 27.Rxd8 Rxd8 28.Bxe5 Rd1+
29.Rxd1 Bxd1 30.a5 Kf7 31.f4 g6 32.Kf2 Ke6 33.Ke3  1/2-1/2

[Event "Najdorf Mem Open"]
[Site "Warsaw POL"]
[Date "2009.07.20"]
[Round "3"]
[White "Jansson,A"]
[Black "Paterek,M"]
[Result "0-1"]
[WhiteElo "2069"]
[BlackElo "2302"]

1.Nf3 Nf6 2.c4 c6 3.Nc3 d5 4.d4 a6 5.cxd5 cxd5 6.Bf4 g6 7.e3 Bg7 8.Bd3 O-O
9.h3 Nc6 10.Rc1 Bf5 11.Bxf5 gxf5 12.Ne5 Nd7 13.Nxd7 Qxd7 14.O-O b5 15.Qf3 e6
16.Ne2 Rac8 17.Ng3 f6 18.Nh5 Kh8 19.Rc5 Ne7 20.b4 Rxc5 21.bxc5 Nc6 22.Bg3 a5
23.a3 a4 24.Rb1 Na5 25.Qe2 Nc4 26.Qd3 Rf7 27.Qc3 Qe8 28.Nf4 Rb7 29.Nd3 Bf8
30.Nb4 Kg8 31.Na6 Be7 32.Nb4 Bd8 33.Bf4 Rg7 34.Bb8 Rb7 35.Bf4 Ba5 36.c6 Qxc6
37.Kh2 Qe8 38.Qc1 Bxb4 39.Rxb4 Qc6 40.Qc3 Na5 41.Qe1 Qc2 42.f3 Nc4 43.Rb1 Rg7
44.Qg1 Nd2 45.Qf2 Qxb1 46.Qxd2 Qf1 47.Qc2 Qc4 48.Qd2 b4 49.axb4 a3  0-1

[Event "17th Open"]
[Site "Saint Affrique FRA"]
[Date "2009.07.22"]
[Round "6"]
[White "Collas,S"]
[Black "Julian,S"]
[Result "1-0"]
[WhiteElo "2315"]
[BlackElo "2133"]

1.d4 d5 2.c4 c6 3.Nf3 Nf6 4.Nc3 a6 5.c5 Nbd7 6.Bf4 Nh5 7.Qd2 Nxf4 8.Qxf4 g6
9.e4 e6 10.h4 h5 11.e5 Bg7 12.Bd3 b6 13.b4 bxc5 14.bxc5 a5 15.Ng5 Qe7 16.Qe3 Ba6
17.Bc2 Rb8 18.f4 Rb4 19.a3 Rb8 20.Kf2 Bh6 21.Rab1 O-O 22.Kg3 Kh8 23.Ba4 Rbd8
24.f5 gxf5 25.Qf3 f6 26.Qxh5 Kg7 27.exf6+ Nxf6 28.Qf3 Ng4 29.Qf4 Rf6 30.Rb6 Bb5
31.Bxb5 cxb5 32.Nxb5 Rg6 33.c6 Nf6 34.Kf3 Kf8 35.c7 Rc8 36.Rb8 Qe8 37.Na7 e5
38.Qxe5  1-0

[Event "Najdorf Mem Open"]
[Site "Warsaw POL"]
[Date "2009.07.22"]
[Round "5"]
[White "Stachowiak,K"]
[Black "Couso,L"]
[Result "1-0"]
[WhiteElo "2412"]
[BlackElo "2284"]

1.d4 d5 2.Nf3 c6 3.c4 Nf6 4.Nc3 a6 5.e3 b5 6.b3 Bg4 7.Be2 e6 8.O-O Nbd7 9.h3 Bxf3
10.Bxf3 Bb4 11.Bb2 O-O 12.Qc2 Rc8 13.Ne2 Bd6 14.e4 e5 15.Rad1 dxe4 16.Bxe4 Nxe4
17.Qxe4 f5 18.Qc2 e4 19.c5 Bb8 20.d5 cxd5 21.Rxd5 Qc7 22.g3 Nb6 23.Rd2 Qe7
24.Bd4 f4 25.Nc3 e3 26.fxe3 fxe3 27.Rdd1 Bxg3 28.cxb6 Bf2+ 29.Rxf2 Rxf2 30.Qe4 Qd6
31.Qd5+ Qxd5 32.Nxd5 Rd2 33.Nxe3 Rxd1+ 34.Nxd1 Rd8 35.Be5 Rxd1+ 36.Kf2  1-0

[Event "zt 3.3"]
[Site "Ho Chi Minh City VIE"]
[Date "2009.07.23"]
[Round "2"]
[White "Dao Thien Hai"]
[Black "Ly Hong Nguyen"]
[Result "1/2-1/2"]
[WhiteElo "2552"]
[BlackElo "2302"]

1.d4 d5 2.c4 c6 3.Nf3 Nf6 4.Nc3 a6 5.c5 Nbd7 6.Bf4 Nh5 7.Bd2 Nhf6 8.Qc2 g6
9.Bg5 Bg7 10.e3 b6 11.cxb6 Qxb6 12.Be2 c5 13.Rc1 O-O 14.O-O cxd4 15.Na4 Qd6
16.exd4 Ne4 17.Be3 a5 18.Qc7 Ba6 19.Bxa6 Rxa6 20.b3 e5 21.Rfd1 exd4 22.Bxd4 Bxd4
23.Nxd4 Ndf6 24.Qxd6 Rxd6 25.f3 Ng5 26.Kf2 Ne6 27.Rc2 Ra8 28.h4 Kf8 29.g4 Rad8
30.Rdd2 Ne8 31.Nc5 Rb6 32.Na4 Rbd6 33.Nb5 R6d7 34.Nd4 Rd6  1/2-1/2

[Event "Synthesia Rapid Open"]
[Site "Pardubice CZE"]
[Date "2009.07.23"]
[Round "6"]
[White "Korobov,A"]
[Black "Lintchevski,D"]
[Result "0-1"]
[WhiteElo "2623"]
[BlackElo "2484"]

1.d4 d5 2.c4 c6 3.Nc3 Nf6 4.Nf3 a6 5.c5 Bf5 6.Bg5 Nbd7 7.e3 h6 8.Bh4 g5 9.Bg3 Bg7
10.Bd3 Bxd3 11.Qxd3 Nh5 12.Be5 g4 13.Bxg7 Nxg7 14.Nh4 e5 15.g3 Qf6 16.b4 h5
17.a4 e4 18.Qe2 a5 19.Qb2 axb4 20.Qxb4 Ra7 21.a5 Ne6 22.a6 O-O 23.O-O bxa6
24.Ne2 Rb8 25.Qa4 Rb2 26.Ra2 Rxa2 27.Qxa2 Ndf8 28.Qa4 Ng5 29.Nf4 Ng6 30.Nhxg6 fxg6
31.Rb1 Nh3+ 32.Kg2 g5 33.Nxh3 Qf3+ 34.Kf1 gxh3 35.Qxc6 Qh1+ 36.Ke2 Qxb1 37.Qe8+ Kg7
38.Qe5+ Kg6 39.Qe6+ Kg7 40.Qe5+ Kf7 41.Qxd5+ Kf8 42.Qd6+ Re7 43.Qf6+ Ke8
44.Qc6+ Kd8 45.Qa8+ Kc7 46.Qf8 Qa2+ 47.Ke1 Qf7 48.Qa8 Qb3 49.Qf8 Rd7 50.Qf6 Qb1+
51.Ke2 Qb5+ 52.Ke1 Qc6 53.Qe5+ Kb7 54.Qxg5 a5 55.Qxh5 a4 56.Qd1 Qb5 57.Qc2 Kc6
58.Qxe4+ Kc7 59.Qe5+ Kb7 60.Qe4+ Ka7 61.c6 Rc7 62.d5 a3 63.Qd4+ Ka6 64.Qc3 Qa5  0-1

[Event "13th Battle of Senta Open A"]
[Site "Senta SRB"]
[Date "2009.07.24"]
[Round "8"]
[White "Nadj,Z"]
[Black "Guzsvany,A"]
[Result "0-1"]
[WhiteElo "2209"]
[BlackElo "2104"]

1.d4 d5 2.Nf3 Nf6 3.c4 c6 4.Nc3 a6 5.e3 b5 6.b3 Bg4 7.Be2 Nbd7 8.O-O e6 9.Bb2 Bd6
10.Rc1 Bxf3 11.Bxf3 bxc4 12.bxc4 Bxh2+ 13.Kxh2 Qb8+ 14.g3 Qxb2 15.Qa4 O-O
16.Rc2 Qb6 17.Rb1 Qa7 18.Qxc6 Rfc8 19.cxd5 Rxc6 20.dxc6 Rb8 21.Rb7 Rxb7 22.cxb7 g5
23.Na4 Nd5 24.Rc8+ Kg7 25.Bxd5 exd5 26.Nc5 Qb6 27.Ra8 a5 28.a4 h5 29.Rd8 Qxd8
30.Nxd7 Qxd7 31.b8=Q Qf5 32.Kg2 h4 33.gxh4 gxh4 34.Qe5+ Qxe5 35.dxe5 Kg6
36.Kh3 Kg5 37.f3 Kf5 38.Kxh4 Kxe5 39.Kg5 f5  0-1

[Event "ch-Africa w"]
[Site "Tripoli LBA"]
[Date "2009.07.24"]
[Round "4"]
[White "Beddar,K"]
[Black "Mona,K"]
[Result "0-1"]
[WhiteElo "1803"]
[BlackElo "2094"]

1.d4 d5 2.c4 c6 3.Nc3 Nf6 4.Nf3 a6 5.cxd5 cxd5 6.Bg5 Ne4 7.Qb3 Nxc3 8.bxc3 Nc6
9.e3 h6 10.Bf4 Na5 11.Qb2 Bf5 12.Ne5 f6 13.Nd3 e6 14.a4 b6 15.Nb4 Bxb4 16.Qxb4 Kf7
17.c4 dxc4 18.Bxc4 Nxc4 19.Qxc4 b5 20.axb5 axb5 21.Rxa8 bxc4 22.Rxd8 Rxd8
23.Kd2 Ra8 24.Rd1 Ra3 25.f3 c3+ 26.Ke1 Bc2 27.Rc1 Ba4 28.e4 c2 29.Kd2 Ke7
30.Bc7 Kd7 31.Bf4 Kc6 32.Bg3 g5 33.f4 g4 34.Bh4 Kb5 35.Re1 Kc4 36.d5 Rd3+
37.Kc1 Rd1+ 38.Kb2 c1=Q+  0-1

[Event "Czech Open A"]
[Site "Pardubice CZE"]
[Date "2009.07.26"]
[Round "3"]
[White "Poliakov,A"]
[Black "Jirka,J"]
[Result "0-1"]
[WhiteElo "2315"]
[BlackElo "2440"]

1.d4 d5 2.c4 c6 3.Nf3 Nf6 4.Nc3 a6 5.cxd5 cxd5 6.Bf4 Nc6 7.e3 Bg4 8.Be2 e6
9.h3 Bxf3 10.Bxf3 Bd6 11.Bxd6 Qxd6 12.O-O O-O 13.Qd2 Nd7 14.Rfc1 Nb6 15.b3 Rac8
16.a3 Rc7 17.Be2 f5 18.f4 g5 19.g3 Kh8 20.Kh2 Rg8 21.Bf3 Rcg7 22.Ne2 Nd7
23.Rg1 Nf6 24.b4 Rg6 25.Rac1 g4 26.Bh1 gxh3 27.Bf3 Ng4+ 28.Bxg4 fxg4 29.Rc5 Ne7
30.Qd3 R6g7 31.Rgc1 Nf5 32.R1c3 Qd8 33.e4 Nd6 34.exd5 b6 35.Rc6 exd5 36.Qxa6 Re8
37.Rc2 Nc4 38.R6xc4 dxc4 39.Qxc4 Rge7 40.d5 Re4 41.Qd3 Re3 42.Qd4+ Kg8 43.Qc4 R3e4
44.Qa2 Qd6 45.Nc3 Re1 46.Qc4 Kg7 47.f5 h5 48.Rf2 R1e3 49.f6+ Kf7 50.Rf4 h4
51.gxh4 Rxc3  0-1

[Event "ch-Euro Senior"]
[Site "Rogaska Slatina SLO"]
[Date "2009.07.26"]
[Round "5"]
[White "Kristiansen,E"]
[Black "Ziltener,W"]
[Result "0-1"]
[WhiteElo "2218"]
[BlackElo "2120"]

1.d4 d5 2.c4 c6 3.Nc3 Nf6 4.Nf3 a6 5.cxd5 cxd5 6.Bf4 Nc6 7.h3 Ne4 8.e3 Qa5
9.Qb3 e6 10.Bd3 Nxc3 11.bxc3 Qa3 12.Qc2 h6 13.O-O Bd6 14.Rab1 Bxf4 15.exf4 O-O
16.Rb6 Rd8 17.Rfb1 Qe7 18.Ne5 Rd6 19.Qb2 Qc7 20.Qa3 Nxe5 21.Qxd6 Qxd6 22.Rxd6 Nxd3
23.g3 b5 24.Kf1 Kf8 25.Ke2 Ke7 26.Rc6 Kd7 27.Rxc8 Nxf4+ 28.gxf4 Rxc8 29.Kd3 Rc4
30.h4 h5 31.Rb3 Ra4 32.a3 Ke7  0-1

[Event "Najdorf Mem Open"]
[Site "Warsaw POL"]
[Date "2009.07.26"]
[Round "9"]
[White "Andriasian,Z"]
[Black "Vysochin,S"]
[Result "1/2-1/2"]
[WhiteElo "2585"]
[BlackElo "2554"]

1.d4 d5 2.c4 c6 3.Nf3 Nf6 4.Nc3 a6 5.e3 e6 6.c5 b6 7.cxb6 Nbd7 8.Bd3 c5 9.b3 cxd4
10.exd4 Qxb6 11.O-O Be7 12.Bb2 O-O 13.Rc1 Bb7 14.Na4 Qa7 15.Ne5 Rac8 16.Qe2 Nxe5
17.dxe5 Nd7 18.Rfd1 g6 19.h3  1/2-1/2

[Event "zt 3.3"]
[Site "Ho Chi Minh City VIE"]
[Date "2009.07.27"]
[Round "7"]
[White "Nguyen Huynh Minh Huy"]
[Black "Duong The Anh"]
[Result "1/2-1/2"]
[WhiteElo "2500"]
[BlackElo "2440"]

1.Nf3 d5 2.d4 Nf6 3.c4 c6 4.Nc3 a6 5.e3 b5 6.b3 Bg4 7.Be2 e6 8.O-O Nbd7 9.h3 Bh5
10.Bb2 Qb8  1/2-1/2

[Event "ch-Euro Senior"]
[Site "Rogaska Slatina SLO"]
[Date "2009.07.27"]
[Round "6"]
[White "Arkhangelsky,B"]
[Black "Archangelsky,M"]
[Result "1/2-1/2"]
[WhiteElo "2300"]
[BlackElo "2210"]

1.d4 d5 2.c4 c6 3.Nf3 Nf6 4.Nc3 a6 5.c5 Bf5 6.Bf4 Nbd7 7.e3 e6 8.Be2 Be7
9.b4 Ne4 10.Nxe4 Bxe4 11.O-O O-O 12.Ne5 Nxe5 13.Bxe5 Bf6 14.Bxf6 Qxf6 15.f3 Bg6
16.f4 Be4  1/2-1/2

[Event "zt 3.3"]
[Site "Ho Chi Minh City VIE"]
[Date "2009.07.29"]
[Round "9"]
[White "Nguyen Ngoc Truong Son"]
[Black "So,W"]
[Result "1/2-1/2"]
[WhiteElo "2592"]
[BlackElo "2646"]

1.d4 d5 2.c4 c6 3.Nf3 Nf6 4.Nc3 a6 5.h3 e6 6.e3 Nbd7 7.Qc2 Bd6 8.b3 O-O 9.Bb2 Qe7
10.Be2 b6 11.O-O Bb7 12.Rfd1 Rfe8 13.e4 Nxe4 14.Nxe4 dxe4 15.Qxe4 Nf6 16.Qe3 c5
17.Ne5 Rac8 18.Bf3 b5 19.Rac1 bxc4 20.Bxb7 Qxb7 21.Nxc4 Bf8 22.dxc5 Bxc5
23.Qg3 Qe7 24.Be5 g6 25.Bb2 Nd5 26.h4 Red8 27.a3 f6 28.b4 Bd6 29.Nxd6 Rxc1
30.Rxc1 Qxd6 31.Qxd6 Rxd6 32.Rc8+ Kg7 33.Ra8 e5 34.Ra7+ Kh6 35.Bc1+ g5 36.hxg5+ fxg5
37.Bb2 e4 38.Bg7+ Kg6 39.Bf8 Rf6 40.Bc5 Nc3 41.Kh2 Nb5 42.Re7 Nxa3 43.Rxe4 Nb5
44.Re1 h5 45.f3 Nc7 46.Kg1 Nd5 47.Re5 Nf4 48.Be3 Rf5 49.Bxf4  1/2-1/2

[Event "Czech Open A"]
[Site "Pardubice CZE"]
[Date "2009.07.29"]
[Round "6"]
[White "Stocek,J"]
[Black "Krivoborodov,E"]
[Result "1/2-1/2"]
[WhiteElo "2584"]
[BlackElo "2442"]

1.d4 d5 2.c4 c6 3.Nf3 Nf6 4.Nc3 a6 5.a4 e6 6.Bf4 c5 7.cxd5 Nxd5 8.Nxd5 exd5
9.g3 Nc6 10.dxc5 Bxc5 11.Bg2 O-O 12.O-O Bf5 13.Rc1 Bb6 14.Bg5 f6 15.Bd2 Re8
16.Re1 d4 17.b4 Qd7 18.a5 Ba7 19.b5 axb5 20.Qb3+ Kh8 21.Qxb5 Be4 22.Ra1 Rad8
23.Nh4 Re5 24.Qa4 Bxg2 25.Nxg2 d3 26.exd3 Qxd3 27.Rxe5 Nxe5 28.Be3 Bxe3 29.Nxe3 Nf3+
30.Kg2 Nd4 31.h4 Qe4+ 32.Kh3 h5 33.Qd1 g6 34.Qb1 Qe6+ 35.Kh2 Nf3+ 36.Kg2 Qc6
37.Qb6 Nxh4+ 38.Kh3 Qxb6 39.axb6 Nf3 40.Ra7 Rd7 41.Nc4 Ng5+ 42.Kg2 Ne6 43.Na5 Nd8
44.Nb3 Nc6 45.Ra1 Rd5 46.Rc1 Rb5 47.Nc5 Rxb6 48.Nd7 Rb2 49.Nxf6 Kg7 50.Ne8+ Kh6
51.Nd6 Ne5 52.Rc7 b5 53.Nf7+ Nxf7 54.Rxf7 b4 55.Kh3 b3 56.f4 Rf2 57.Ra7 Rf3
58.Rb7 Rc3 59.Kh4 Rc1 60.Kh3 Rc3 61.Kh4 Rc2 62.g4 hxg4 63.Kxg4 Rb2 64.Kg3 Rb1
65.Kf3 b2 66.Kg2 Kh5 67.Rb8 Kg4 68.Rb7 Kxf4 69.Rb8 g5  1/2-1/2

[Event "ch-Euro Senior"]
[Site "Rogaska Slatina SLO"]
[Date "2009.07.29"]
[Round "8"]
[White "White,A"]
[Black "Ovesen,K"]
[Result "1-0"]
[WhiteElo "2114"]
[BlackElo "1918"]

1.d4 d5 2.c4 c6 3.Nf3 Nf6 4.Nc3 a6 5.c5 b5 6.cxb6 Qxb6 7.g3 e6 8.Bg2 Bd6
9.O-O O-O 10.Qc2 Bb7 11.a3 Nbd7 12.Be3 Rac8 13.b4 Qc7 14.Na4 a5 15.Nc5 axb4
16.axb4 Ra8 17.Rab1 h6 18.Rfc1 Rfc8 19.Qb2 Nb6 20.Nd2 Na4 21.Qb3 Nxc5 22.bxc5  1-0

[Event "FSIMB August"]
[Site "Budapest HUN"]
[Date "2009.08.01"]
[Round "1"]
[White "Kislik,E"]
[Black "Vegh,E"]
[Result "1-0"]
[WhiteElo "2342"]
[BlackElo "2294"]

1.d4 d5 2.c4 c6 3.Nf3 Nf6 4.Nc3 a6 5.c5 g6 6.Bf4 Bg7 7.h3 O-O 8.e3 Nfd7 9.Be2 e5
10.Bg3 e4 11.Nd2 f5 12.Bd6 Rf6 13.Bf4 Rf7 14.h4 a5 15.Qc2 Na6 16.Bxa6 Rxa6
17.Na4 Nf8 18.O-O-O Ne6 19.Nb3 Bf6 20.g3 Bg7 21.Rh2 h6 22.Rdh1 Nf8 23.Kb1 Be6
24.Nc1 g5 25.hxg5 hxg5 26.Bd6 b5 27.Nc3 Ng6 28.N3e2 Raa7 29.Rh5 Bf6 30.Rh6 Rg7
31.Qd1 Kf7 32.g4 fxg4 33.Ng3 Nh4 34.Nh5 Rg6 35.Rh7+ Bg7 36.Be5 Kg8 37.Rxg7+ Raxg7
38.Nxg7 Rxg7 39.Bxg7 Kxg7 40.Qg1 Qf6 41.Qh2 a4 42.Ne2 Kg6 43.Qd6 Bf7 44.Qxf6+ Kxf6
45.b3 axb3 46.axb3 Be6 47.Kc2 Bd7 48.Ng3 Ke7 49.Kd2 Kd8 50.Ra1 Ke7 51.Ra7 Kd8
52.Kc3 Ke7 53.Nh5 Nf5 54.Ng3 Nh4 55.Ra8 Be8 56.Rb8 Kf7 57.Rd8 Ke7 58.Rd6 Bd7
59.Rh6 Be8 60.Kd2 Bd7 61.Rh7+ Kd8 62.Rg7 Nf3+ 63.Ke2 Ng1+ 64.Kd1 Nh3 65.Ke1 Ng1
66.Nh5 Nf3+ 67.Kd1 Kc8 68.Nf6 Bf5 69.Rg8+ Kb7 70.Ne8 Bd7 71.Nd6+ Kc7 72.Rg7 Kd8
73.Nf7+ Kc8 74.Ne5 Nxe5 75.dxe5 g3 76.fxg3 g4 77.Rg6  1-0

[Event "Open"]
[Site "Kavala GRE"]
[Date "2009.08.01"]
[Round "2"]
[White "Harika,D"]
[Black "Burmakin,V"]
[Result "1/2-1/2"]
[WhiteElo "2445"]
[BlackElo "2627"]

1.d4 c6 2.c4 Nf6 3.Nf3 d5 4.Nc3 a6 5.c5 g6 6.h3 Bg7 7.Bf4 O-O 8.e3 Bf5 9.Qb3 Ra7
10.Be2 Nbd7 11.O-O Ne4 12.Rad1 h6 13.Bh2 g5 14.Nxe4 Bxe4 15.Ne5 Nxe5 16.Bxe5 Bxe5
17.dxe5 Qa5 18.Rc1 Qc7 19.f3 Bh7 20.f4 f6 21.Bd3 Raa8 22.e4 Rad8 23.exd5 cxd5
24.Bxh7+ Kxh7 25.Qd3+ Kg7 26.exf6+ exf6 27.Qd4 Rde8 28.fxg5 hxg5 29.Qxd5 Re2
30.b4 Rd8 31.Qf3 Qe7 32.Rf2 Rdd2 33.Rxe2 Rxe2 34.a3 Re3 35.Qf2 Rxa3  1/2-1/2

[Event "Continental ch-Americas"]
[Site "Sao Paulo BRA"]
[Date "2009.08.01"]
[Round "9"]
[White "Fier,A"]
[Black "Prasca Sosa,R"]
[Result "1/2-1/2"]
[WhiteElo "2604"]
[BlackElo "2414"]

1.d4 d5 2.c4 c6 3.Nf3 Nf6 4.Nc3 a6 5.Bg5 Ne4 6.h4 b5 7.cxb5 cxb5 8.Qb3 Nxc3
9.bxc3 Nc6 10.a4 bxa4 11.Qxa4 Bd7 12.Qa2 h6 13.Bf4 e6 14.e3 Be7 15.Bd3 a5
16.h5 a4 17.O-O O-O 18.Qe2 f5 19.c4 Nb4 20.cxd5 Nxd3 21.Qxd3 exd5 22.Ne5 Be8
23.Qe2 Rf6 24.Rfb1 Rb6 25.Nd3 Bb5 26.Be5  1/2-1/2